| 000 | 00365nam a2200145Ia 4500 | ||
|---|---|---|---|
| 008 | 230917s9999||||xx |||||||||||||| ||und|| | ||
| 040 |
_e73915 _aMAIN |
||
| 041 | _aEnglish | ||
| 082 | _a658.4 L718I | ||
| 100 | _aLitterer, Joseph A | ||
| 245 | 3 | _aAn introduction to management | |
| 260 |
_aSanta Barbara _bJohn Wiley _c1978 |
||
| 300 | _axi, 548 p. | ||
| 942 | _cBK | ||
| 999 |
_c197036 _d197036 |
||